Statistiques concernant Les 100 plus grandes villes de France en Corse et en Outre Mer

Cliquez ici pour prendre le quiz!

Statistiques générales

  • Ce quiz a été pris 62 fois
  • Le résultat moyen est 8 sur 9

Statistiques - réponses

Région /
Territoire
Ville
Population
(en milliers)
% Correct
Corse73Ajaccio71
98%
Réunion19Saint Denis153
98%
Guyane81Cayenne65
91%
Martinique64Fort de France76
86%
Nouvelle Calédonie-Nouméa94
86%
Mayotte-Mamoudzou71
80%
Réunion55Saint Pierre84
77%
Réunion42Saint Paul103
73%
Réunion58Le Tampon79
66%

Distribution des résultats

Percentile par nombre de réponses

% des personnes avec chaque résultat

Votre développement - résultats

Vous n’avez pas pris ce quiz